000 00236 a2200097 4500
001 33397
100 _aChatfield,A.B
245 _aFundamentals of High Accuracy Inertial Navigation
260 _aUSA
_bAIAA
_c1997
090 _c22266
_d22266
942 _aNUST-CAE
_cM
_c13632
999 _c268470
_d268470